All Sinnoh Pokemon - Statistics

General Stats
  • This quiz has been taken 23 times
  • The average score is 83 of 107
Answer Stats
Hint Answer % Correct
#390 Chimchar
100%
#483 Dialga
94%
#395 Empoleon
94%
#487 Giratina
94%
#388 Grotle
94%
#392 Infernape
94%
#391 Monferno
94%
#484 Palkia
94%
#393 Piplup
94%
#394 Prinplup
94%
#492 Shaymin
94%
#398 Staraptor
94%
#397 Staravia
94%
#396 Starly
94%
#389 Torterra
94%
#387 Turtwig
94%
#493 Arceus
89%
#411 Bastiodon
89%
#488 Cresselia
89%
#491 Darkrai
89%
#426 Drifblim
89%
#425 Drifloon
89%
#444 Gabite
89%
#445 Garchomp
89%
#443 Gible
89%
#485 Heatran
89%
#402 Kricketune
89%
#448 Lucario
89%
#404 Luxio
89%
#405 Luxray
89%
#467 Magmortar
89%
#447 Riolu
89%
#410 Shieldon
89%
#403 Shinx
89%
#460 Abomasnow
83%
#400 Bibarel
83%
#399 Bidoof
83%
#427 Buneary
83%
#421 Cherrim
83%
#420 Cherubi
83%
#415 Combee
83%
#408 Cranidos
83%
#466 Electivire
83%
#456 Finneon
83%
#401 Kricketot
83%
#428 Lopunny
83%
#457 Lumineon
83%
#490 Manaphy
83%
#489 Phione
83%
#409 Rampardos
83%
#459 Snover
83%
#438 Bonsly
78%
#406 Budew
78%
#418 Buizel
78%
#419 Floatzel
78%
#478 Froslass
78%
#430 Honchkrow
78%
#439 Mime Jr.
78%
#429 Mismagius
78%
#446 Munchlax
78%
#474 Porygon-Z
78%
#464 Rhyperior
78%
#407 Roserade
78%
#435 Skuntank
78%
#434 Stunky
78%
#465 Tangrowth
78%
#468 Togekiss
78%
#424 Ambipom
72%
#482 Azelf
72%
#412 Burmy
72%
#453 Croagunk
72%
#475 Gallade
72%
#423 Gastrodon
72%
#471 Glaceon
72%
#470 Leafeon
72%
#462 Magnezone
72%
#481 Mesprit
72%
#414 Mothim
72%
#422 Shellos
72%
#454 Toxicroak
72%
#480 Uxie
72%
#461 Weavile
72%
#413 Wormadam
72%
#469 Yanmega
72%
#431 Glameow
67%
#472 Gliscor
67%
#440 Happiny
67%
#458 Mantyke
67%
#476 Probopass
67%
#432 Purugly
67%
#479 Rotom
67%
#455 Carnivine
61%
#433 Chingling
61%
#452 Drapion
61%
#477 Dusknoir
61%
#449 Hippopotas
61%
#450 Hippowdon
61%
#473 Mamoswine
61%
#486 Regigigas
61%
#442 Spiritomb
61%
#463 Lickilicky
56%
#451 Skorupi
56%
#437 Bronzong
50%
#436 Bronzor
50%
#441 Chatot
50%
#417 Pacharisu
22%
#416 Vespequin
6%
No matching quizzes found
Score Distribution
Percent of People with Each Score
Percentile by Number Answered
Your Score History
You have not taken this quiz